Animal ABC's - Statistics

General Stats
  • This quiz has been taken 26 times
  • The average score is 24 of 26
Answer Stats
Picture Answer % Correct
Alligator
100%
Bear
100%
Cat
100%
Dog
100%
Elephant
100%
Fox
100%
Giraffe
100%
Horse
100%
Kangaroo
100%
Lion
100%
Moose
100%
Ostrich
100%
Penguin
100%
Shark
100%
Turkey
100%
Zebra
100%
Iguana
96%
Jaguar
96%
Narwhal
96%
Vulture
96%
Walrus
96%
Rhinoceros
92%
Quail
88%
Yak
83%
X-Ray Fish
42%
Urial
33%
No matching quizzes found
Score Distribution
Percent of People with Each Score
Percentile by Number Answered
Your Score History
You have not taken this quiz